|
|
|
|
| LEADER |
00000cam a2200000 7i4500 |
| 001 |
0000019547 |
| 005 |
20070625.0 |
| 020 |
|
|
|a 9833862004
|
| 040 |
|
|
|a INS
|
| 090 |
0 |
0 |
|a DS597.215.S94
|b M46 2006
|
| 245 |
0 |
0 |
|a Menjunjung kasih :
|b Seri Paduka Baginda Yang di - Pertuan Agong Xll DYMM Tuanku Syed Sirajuddin Ibni Al - Marhum Tuanku Syed Putra Jamalullail
|
| 260 |
|
|
|a Kuala Lumpur :
|b Jabatan Warisan Negara ,
|c 2006
|
| 300 |
|
|
|a 112 ms. :
|b ill., pic., col. ;
|c 25 cm.
|
| 600 |
0 |
0 |
|a Tuanku Syed Sirajuddin Ibni Al-Marhum Tuanku Syed Putra Jamalullail, X11 ,
|d Seri Paduka Baginga Yang Di-Pertuan Agong ,
|c 1943
|
| 650 |
0 |
0 |
|a Monarcy
|z Malaysia
|
| 651 |
|
0 |
|a Malaysia
|x Kings and rules
|x Biography
|
| 710 |
1 |
|
|a Jabatan Warisan Negara
|
| 999 |
|
|
|a 0000018573
|b BOOK
|c Open Shelf
|e Default branch
|
| 999 |
|
|
|a 0000018764
|b BOOK
|c Open Shelf
|e Default branch
|
| 999 |
|
|
|a 1000000008
|b BOOK
|c Open Shelf
|e Default branch
|